| 000 | 00419nam a2200157 a 4500 | ||
|---|---|---|---|
| 005 | 20140412111339.0 | ||
| 008 | 040802s19uu xx 00 eng d | ||
| 020 | _a0-689-83598-1 | ||
| 050 |
_aER _bRu84br 2001 |
||
| 100 | _aWilson, Sarah | ||
| 245 |
_aRugrats : _bBrand-New Daddy / _cSarah Wilson. |
||
| 260 |
_aNew York : _bSimon Spotlight, _c2001. |
||
| 300 | _aunp. | ||
| 650 | _aChildren Stories | ||
| 999 |
_c105094 _d105094 |
||